Algunos problemas en la teoría del crecimiento y la política de planificación (Registro nro. 15930)

Detalles MARC
000 -LEADER
fixed length control field 00366 a2200109 4500
001 - CONTROL NUMBER
control field ART_2712
005 - DATE AND TIME OF LATEST TRANSACTION
control field 20260410161709.0
008 - FIXED-LENGTH DATA ELEMENTS--GENERAL INFORMATION
fixed length control field 260409a
100 1# - MAIN ENTRY--PERSONAL NAME
Personal name Dobb, Maurice
245 10 - TITLE STATEMENT
Title Algunos problemas en la teoría del crecimiento y la política de planificación
773 0# - HOST ITEM ENTRY
Title Desarrollo económico
Related parts - Vol. 1, Nº 1 (abr./jun. 1961)
Record control number REV1174

No hay ítems disponibles.